<A> skills beyond school review of Israel

Na minha lista:
Detalhes bibliográficos
Autor principal: Musset, Pauline
Outros Autores: Kuczera, Małgorzata, Field, Simon
Formato: Livro
Idioma:inglês
Publicado em: Paris OECD 2014
Colecção:OECD reviews of vocational education and training
Assuntos:
Tags: Adicionar Tag
Sem tags, seja o primeiro a adicionar uma tag!

MARC

LEADER 00000nam a2200000 4500
001 0196373
005 20240315121226.5
020 |a 978-92-64-21075-2 
041 0 |a eng 
044 |a FR 
245 1 0 |a <A> skills beyond school review of Israel  |c Pauline Musset, Malgorzata Kuczera and Simon Field 
264 1 |a Paris  |b OECD  |c 2014 
300 |a 91 s. 
490 1 |a OECD reviews of vocational education and training 
830 0 |a OECD reviews of vocational education and training 
610 2 0 |a vzdelávanie 
610 2 0 |a vyučovanie 
610 2 0 |a kvalita vzdelávania 
610 2 0 |a trh práce 
610 2 0 |a zručnosti 
610 2 0 |a Izrael 
100 1 |a Musset, Pauline 
700 1 |a Kuczera, Małgorzata 
700 1 |a Field, Simon